000 00624nam a2200229Ia 4500
003 OSt
005 20220923230745.0
006 a|||||r|||| 00| 0
007 ta
008 Pun
024 _a305,330
037 _cTextual
040 _aARTS
_cARTS
_bPun
041 _2Pun
_aPun
082 _aV2:51wN, 153M2
100 _aਹਉਰਾ, ਕੁਲਦੀਪ ਸਿੰਘ
245 0 _aਜੁਝਾਰੂ ਸੂਰਮੇ
260 _c1982
650 _aਭਾਰਤੀਯ ਇਤਿਹਾਸ
942 _hV2:51wN, 153M2
_cTEXL
_2CC
999 _c387133
_d387133